00401nam a2200145Ia 4500003000500000005001700005008004100022020002900063040001400092082001800106100003200124245001700156260004000173300004200213322820240416154723.0210816s9999 xx 000 0 und d a9781904618737qPaperback ardac3228 aJ 372.61 PICT aMy world: A first word book 0aPichall,Chez aBromley (UK):bGunzi Limited,c2004 a61 PagesbColour illustrationsc30 cm